| 000 | 01071nam a2200265 a 4500 | ||
|---|---|---|---|
| 001 | 000023908 | ||
| 005 | 20200930022548.0 | ||
| 008 | 110117s1972 mx 000 0 spa d | ||
| 040 |
_aDO-SdBNP _bspa _cBNPHU |
||
| 041 | 1 | 7 |
_aspa _heng _2Código de idiomas MARC |
| 082 |
_ann* _bnn* |
||
| 245 | 0 | 0 |
_aInferencia estadística / _cClifford H. Springer... [et al] ; traducción Francisco Paniagua B. |
| 260 |
_aMéxico, D. F. : _bCentro Regional de Ayuda Técnica. Agencia para el Desarrollo Internacional ; _bUnión Tipográfica Editorial Hispano-América, _c1972. |
||
| 300 |
_a414 p. ; _c23 cm. |
||
| 490 | 1 |
_aMatemáticas para la dirección de negocios _v3 |
|
| 534 |
_aTítulo de la obra en inglés : _tStatistical inference |
||
| 500 | _aIncluye índice alfabético. | ||
| 700 | 1 |
_aPaniagua B., Francisco, _etr. _949175 |
|
| 700 | 1 |
_aSpringer, Clifford H. _949176 |
|
| 700 | 1 |
_aHerlihy, Robert E. _949177 |
|
| 700 | 1 |
_aMall, Robert T. _949178 |
|
| 700 | 1 |
_aBeggs, Robert I. _949179 |
|
| 830 | 0 |
_aMatemáticas para la dirección de negocios _v3 _949180 |
|
| 049 | _aBNGR | ||
| 999 |
_c23404 _d23404 |
||